Economic development and population growth in Uttar Pradesh (with special refere (Record no. 13032)

MARC details
000 -LEADER
fixed length control field 00320nam a2200121Ia 4500
082 ## - DEWEY DECIMAL CLASSIFICATION NUMBER
Classification number RR.001;
100 ## - MAIN ENTRY--AUTHOR NAME
Personal name Rastogi, S.R.
245 #0 - TITLE STATEMENT
Title Economic development and population growth in Uttar Pradesh (with special refere
260 ## - PUBLICATION, DISTRIBUTION, ETC. (IMPRINT)
Year of publication 1974
300 ## - PHYSICAL DESCRIPTION
Number of Pages 45p.
942 ## - ADDED ENTRY ELEMENTS (KOHA)
Koha item type Books
Holdings
Withdrawn status Lost status Damaged status Not for loan Home library Current library Date acquired Full call number Accession Number Price effective from Koha item type
        NASSDOC Library NASSDOC Library 08/10/2004 RR.001; 7436 18/04/2019 Books